[Event "38th Olympiad w"]
[Site "Dresden GER"]
[Date "2008.11.19"]
[Round "6"]
[White "Hoang Thanh Trang"]
[Black "Hou Yifan"]
[Result "1/2-1/2"]
[WhiteElo "2483"]
[BlackElo "2578"]
[EventDate "2008.11.13"]

1. d4 e6 2. c4 Nf6 3. Nc3 Bb4 4. Qc2 d5 5. a3 Bxc3+ 6. Qxc3 Ne4 7. Qc2 c5
8. dxc5 Nc6 9. e3 Qa5+ 10. Bd2 Qxc5 11. b4 Qe7 12. Nf3 Nxd2 13. Qxd2 dxc4
14. Bxc4 O-O 15. Bb5 Rd8 16. Qb2 Bd7 17. O-O a5 18. bxa5 Nxa5 19. h3 h6 20.
Rfc1 Bxb5 21. Qxb5 Nc6 22. Rab1 Rd7 23. a4 Qd8 24. Qc4 Qa5 25. Ra1 Qa6 26.
Qxa6 Rxa6 27. Rc5 Kf8 28. Rb5 Ke7 29. Rab1 Rxa4 30. Rxb7 Ra7 31. Rxd7+ 
1/2-1/2

[Event "38th Olympiad w"]
[Site "Dresden GER"]
[Date "2008.11.19"]
[Round "6"]
[White "Tan Zhongyi"]
[Black "Rudolf,An"]
[Result "1-0"]
[WhiteElo "2395"]
[BlackElo "2318"]
[EventDate "2008.11.13"]

1. d4 d5 2. c4 c6 3. Nf3 dxc4 4. e3 Be6 5. a4 Nf6 6. Na3 Bd5 7. Nxc4 e6 8.
Bd3 c5 9. O-O Nc6 10. Ncd2 Nb4 11. Bb5+ Bc6 12. Nb3 Bxb5 13. axb5 cxd4 14.
Nfxd4 Bd6 15. Qf3 Qc7 16. Bd2 O-O 17. Rfc1 Qe7 18. e4 a6 19. Qe2 Nd7 20.
Bxb4 Bxb4 21. bxa6 bxa6 22. Nc6 Qd6 23. e5 Qd5 24. Rc3 Bc5 25. Nba5 f5 26.
b4 Bxb4 27. Nxb4 Qd4 28. Qc4 Qxe5 29. Nbc6 Qf6 30. Re1 Rfe8 31. Rce3 Nb6
32. Qd4 Qxd4 33. Nxd4 Rac8 34. Nac6 Kf7 35. Rxe6 Rxe6 36. Rxe6 Nc4 37. g3
g6 38. Re7+ 1-0

[Event "38th Olympiad w"]
[Site "Dresden GER"]
[Date "2008.11.20"]
[Round "7"]
[White "Hoang Thanh Trang"]
[Black "Yanjindulam,D"]
[Result "1-0"]
[WhiteElo "2483"]
[BlackElo "2286"]
[EventDate "2008.11.13"]

1. d4 d5 2. Nf3 c6 3. g3 Nf6 4. Bg2 g6 5. O-O Bg7 6. b3 O-O 7. Bb2 Bf5 8.
Nh4 Qd7 9. Nxf5 Qxf5 10. Nd2 Nbd7 11. c4 Rac8 12. Rc1 Rfe8 13. e3 h5 14.
Qe2 a6 15. Rfd1 Bh6 16. Nf3 Ne4 17. Ne5 Ndf6 18. f3 Nd6 19. h4 g5 20. c5 g4
21. fxg4 hxg4 22. Rf1 Qe6 23. cxd6 exd6 24. Rxf6 Qxf6 25. Nxg4 Qg6 26.
Nxh6+ Qxh6 27. Re1 Rc7 28. Qf2 Rce7 29. Bc1 Qg7 30. Rf1 Re6 31. Kh2 Rg6 32.
Bh3 Kf8 33. Bf5 Rf6 34. g4 Re4 35. g5 Rxf5 36. Qxf5 Rxh4+ 37. Kg3 Re4 38.
Qf6 Kg8 39. Qxg7+ Kxg7 40. Rf6 c5 41. Rxd6 cxd4 42. exd4 Re2 43. Bf4 Rxa2
44. Be5+ Kf8 45. Bf6 1-0

[Event "38th Olympiad w"]
[Site "Dresden GER"]
[Date "2008.11.20"]
[Round "7"]
[White "Enxtuul,A"]
[Black "Vajda,S"]
[Result "0-1"]
[WhiteElo "1977"]
[BlackElo "2380"]
[EventDate "2008.11.13"]

1. e4 e5 2. Nf3 d6 3. d4 exd4 4. Nxd4 Nf6 5. Nc3 Be7 6. Bc4 O-O 7. O-O c6
8. Bf4 b5 9. Bd3 b4 10. Nb1 c5 11. Nf5 Bxf5 12. exf5 Nc6 13. Re1 d5 14. g4
h6 15. c3 Bd6 16. Qf3 Qc7 17. Bxd6 Qxd6 18. Nd2 Rad8 19. Be2 Ne5 20. Qg2 d4
21. cxb4 d3 22. bxc5 Qxc5 23. Bf3 Qd4 24. g5 hxg5 25. Qxg5 Qxb2 26. Kh1
Nxf3 27. Nxf3 d2 28. Red1 Ne4 29. Qh4 Rfe8 30. Ng5 Nf6 31. Qc4 Rd7 32. Rab1
Qe5 33. f4 Qxf5 34. Rg1 Qd5+ 35. Qxd5 Nxd5 36. Rg3 Ne3 37. Rxe3 d1=Q+ 38.
Kg2 Qd2+ 39. Kg3 Rxe3+ 40. Nf3 Rxf3+ 41. Kxf3 Qd3+ 0-1

[Event "38th Olympiad w"]
[Site "Dresden GER"]
[Date "2008.11.21"]
[Round "8"]
[White "Socko,M"]
[Black "Hoang Thanh Trang"]
[Result "1/2-1/2"]
[WhiteElo "2434"]
[BlackElo "2483"]
[EventDate "2008.11.13"]

1. d4 e6 2. c4 b6 3. Nc3 Bb4 4. Qc2 Bb7 5. e3 f5 6. f3 Nf6 7. Bd3 O-O 8.
Nge2 Bd6 9. Bd2 c5 10. d5 Na6 11. a3 Nc7 12. dxe6 dxe6 13. O-O-O Qe8 14. e4
fxe4 15. Nxe4 Bxe4 16. Bxe4 Nxe4 17. Qxe4 Qf7 18. Bg5 Be7 19. Bf4 Bf6 20.
Bxc7 Qxc7 21. Qxe6+ Kh8 22. Rd7 Qb8 23. Qd5 b5 24. Rb7 Qe8 25. Qe4 Qxe4 26.
fxe4 bxc4 27. Rd1 Rae8 28. Ng3 Bd4 29. Rf1 g6 30. Rxa7 Rxf1+ 31. Nxf1 Rb8
32. Nd2 Rxb2 33. Nxc4 Rxg2 34. e5 Re2 35. Kd1 Re4 36. Nd6 Re3 37. Nc4 Re4
38. Nd6 Re3 39. Nc4 1/2-1/2

[Event "38th Olympiad w"]
[Site "Dresden GER"]
[Date "2008.11.21"]
[Round "8"]
[White "Rudolf,An"]
[Black "Majdan,J"]
[Result "0-1"]
[WhiteElo "2318"]
[BlackElo "2284"]
[EventDate "2008.11.13"]

1. e4 c5 2. Nf3 d6 3. d4 cxd4 4. Nxd4 Nf6 5. Nc3 a6 6. Qe2 e5 7. Nf5 Bxf5
8. exf5 Nc6 9. Bg5 Be7 10. O-O-O O-O 11. h3 Nd4 12. Qd3 Rc8 13. Be3 Qa5 14.
g4 Nd5 15. Nxd5 Qxd5 16. Be2 Nxe2+ 17. Qxe2 Qxa2 18. Qd3 d5 19. c3 d4 20.
Bd2 dxc3 21. Bxc3 b5 22. Kc2 Ba3 23. Kd2 Rfd8 24. Qxd8+ Rxd8+ 25. Kc2 Rc8
0-1

[Event "38th Olympiad w"]
[Site "Dresden GER"]
[Date "2008.11.22"]
[Round "9"]
[White "Hoang Thanh Trang"]
[Black "Le Thanh Tu"]
[Result "1-0"]
[WhiteElo "2483"]
[BlackElo "2324"]
[EventDate "2008.11.13"]

1. d4 c5 2. Nf3 d5 3. dxc5 e6 4. c4 Bxc5 5. e3 Nf6 6. a3 O-O 7. b4 Be7 8.
Bb2 a6 9. Nbd2 Nc6 10. Rc1 dxc4 11. Bxc4 Nd5 12. O-O Bf6 13. Qb3 Nb6 14.
Rfd1 Bxb2 15. Qxb2 Qe7 16. Ne5 Bd7 17. Bb3 Nxe5 18. Qxe5 Bc6 19. Qa5 Nd5
20. Bxd5 Bxd5 21. e4 Bc6 22. f3 Rfd8 23. Nc4 f6 24. Qb6 Rxd1+ 25. Rxd1 Rc8
26. Na5 Ba4 27. Qd6 Kf7 28. Rd2 Rc3 29. Qb6 Rc7 30. h3 Rc1+ 31. Kh2 Rc7 32.
Qa7 Kg6 33. f4 Bc6 34. Qe3 Ba4 35. Qb6 Bc6 36. Rc2 Qd6 37. e5 fxe5 38. Nc4
Qe7 39. Nxe5+ Kh6 40. a4 Rc8 41. b5 axb5 42. axb5 Bd7 43. Rxc8 Bxc8 44. Qe3
Qc7 45. b6 Qc2 46. Qg3 1-0

[Event "38th Olympiad w"]
[Site "Dresden GER"]
[Date "2008.11.22"]
[Round "9"]
[White "Pham Le Thao Nguyen"]
[Black "Vajda,S"]
[Result "1-0"]
[WhiteElo "2304"]
[BlackElo "2380"]
[EventDate "2008.11.13"]

1. c4 Nf6 2. d4 e6 3. Nc3 d5 4. Bg5 c6 5. e3 Nbd7 6. cxd5 exd5 7. Bd3 Be7
8. Nge2 O-O 9. O-O Ne4 10. Bf4 f5 11. Qc2 Ndf6 12. f3 Nxc3 13. bxc3 g6 14.
Be5 Bd6 15. f4 Be6 16. Rab1 b5 17. h3 h5 18. Qd2 a6 19. Kh1 Ra7 20. Ng1 Ne4
21. Qe1 Bxe5 22. fxe5 Qa5 23. Ne2 Qxa2 24. Nf4 Bf7 25. e6 Be8 26. Bxe4 dxe4
27. h4 a5 28. Ra1 Qc4 29. Rf2 a4 30. Rb2 c5 31. d5 Ra6 32. Rbb1 a3 33. Rc1
a2 34. Qg3 Kh7 35. Qg5 b4 36. cxb4 Qxb4 37. d6 c4 38. d7 Bxd7 39. Qxg6+ Kh8
40. Qxh5+ Kg7 41. Qg5+ Kh7 42. exd7 1-0

[Event "38th Olympiad w"]
[Site "Dresden GER"]
[Date "2008.11.22"]
[Round "9"]
[White "Madl,I"]
[Black "Hoang Thi Bao Tram"]
[Result "1-0"]
[WhiteElo "2376"]
[BlackElo "2250"]
[EventDate "2008.11.13"]

1. e4 e5 2. Nf3 Nf6 3. Nxe5 d6 4. Nf3 Nxe4 5. c4 Be7 6. d4 Bg4 7. Be2 c6 8.
O-O O-O 9. Qb3 Qd7 10. Be3 Re8 11. Nc3 Bf5 12. Rfe1 Bf6 13. Rad1 h6 14. a3
Na6 15. Bf4 Nc7 16. Nxe4 Bxe4 17. Qb4 Ne6 18. Qxd6 Qxd6 19. Bxd6 Bxf3 20.
Bxf3 Nxd4 21. Be4 Ne6 22. b4 Rad8 23. c5 a6 24. Kf1 g6 25. g3 Nd4 26. a4
Re6 27. h4 Nf5 28. Bxf5 gxf5 29. Rb1 b5 30. Rb3 Rxe1+ 31. Kxe1 Re8+ 32. Kd2
Re4 33. Ra3 Rd4+ 34. Kc2 Rc4+ 35. Kd3 Rd4+ 36. Kc2 Rc4+ 37. Kd2 Rd4+ 38.
Ke3 Rxb4 39. axb5 axb5 40. Ra6 Bd4+ 41. Kd3 Bxf2 42. Rxc6 Bxg3 43. Bxg3
Rb3+ 44. Kd4 Rxg3 45. Rb6 b4 46. c6 Rc3 47. Kd5 b3 48. Kd6 Kg7 49. c7 Kg6
50. Rxb3 Rxb3 51. c8=Q Re3 52. Qg8+ Kf6 53. Qd8+ Kg7 54. Qa5 Re6+ 55. Kd7
Kg6 56. Qb4 Re4 57. Qd6+ f6 58. Qf8 Rd4+ 59. Ke6 Re4+ 60. Kd5 Re5+ 61. Kd6
f4 62. Qg8+ Kf5 63. h5 Ke4 64. Qg6+ Kf3 65. Qxh6 Kg4 66. Qg7+ Rg5 67. h6 f3
68. Qxf6 Rf5 69. Qxf5+ 1-0

[Event "38th Olympiad w"]
[Site "Dresden GER"]
[Date "2008.11.22"]
[Round "9"]
[White "Dang,D"]
[Black "Rudolf,An"]
[Result "1/2-1/2"]
[WhiteElo "2112"]
[BlackElo "2318"]
[EventDate "2008.11.13"]

1. c4 Nf6 2. Nc3 e6 3. e4 d5 4. cxd5 exd5 5. e5 d4 6. exf6 dxc3 7. Bb5+ c6
8. Qe2+ Be6 9. Bc4 Qxf6 10. dxc3 Bc5 11. Bxe6 Qxe6 12. Qxe6+ fxe6 13. Nf3
O-O 14. O-O Nd7 15. Bg5 Rae8 16. Rad1 Nf6 17. Rfe1 Nd5 18. c4 Nf4 19. Bh4
h6 20. Ne5 g5 21. Bg3 Rf5 22. Rd7 Re7 23. Rxe7 Bxe7 24. Bxf4 Rxf4 25. Ng6
Rf7 26. Rxe6 Bf6 27. Re8+ Kg7 28. Ne5 Bxe5 29. Rxe5 Rd7 30. g3 Kf6 31. Re2
c5 32. b3 b6 33. Kg2 Rd3 34. f3 Kf5 35. g4+ Kf6 36. Kf2 a5 37. Re8 Rd2+ 38.
Kg3 Rxa2 39. Rb8 a4 40. Rxb6+ Kg7 41. b4 cxb4 42. Rxb4 a3 43. Ra4 Rc2 44.
Rxa3 Rxc4 45. Ra7+ Kf6 46. h4 gxh4+ 47. Kxh4 Kg6 48. Ra6+ Kg7 49. Re6 Ra4
50. Re4 Ra1 51. Kg3 Kf6 52. Rb4 Ra6 53. Kf4 Re6 54. Rb5 Ra6 55. Rf5+ Kg6
56. Rd5 Re6 57. Kg3 Re3 58. Kf2 Ra3 59. f4 Rb3 60. Rd6+ Kg7 61. Re6 Ra3 62.
Re3 Ra4 63. Kg3 Kf6 64. Rb3 Ra6 65. Kh4 Ra1 66. Rb6+ Kg7 67. f5 Rf1 68.
Rb7+ Kf6 69. Kg3 h5 70. Rb6+ Kf7 71. Rb7+ Kf6 72. Rb6+ Kf7 73. Kh4 hxg4 74.
Kxg4 Rg1+ 75. Kf4 Rf1+ 76. Ke5 Re1+ 77. Kd4 Rd1+ 1/2-1/2

[Event "38th Olympiad w"]
[Site "Dresden GER"]
[Date "2008.11.25"]
[Round "11"]
[White "Hoang Thanh Trang"]
[Black "Muminova,N"]
[Result "0-1"]
[WhiteElo "2483"]
[BlackElo "2240"]
[EventDate "2008.11.13"]

1. d4 e6 2. Nf3 c5 3. g3 Qb6 4. Bg2 cxd4 5. Nxd4 Bc5 6. e3 Nc6 7. Nb3 Be7
8. c4 Ne5 9. Qe2 Nf6 10. O-O Qa6 11. N3d2 O-O 12. b3 d6 13. Bb2 Bd7 14. Nc3
Bc6 15. e4 Qb6 16. Kh1 a6 17. f4 Ng6 18. Rad1 Rfe8 19. Nf3 Rac8 20. Nd4 h5
21. Nxc6 bxc6 22. Na4 Qa5 23. Bc3 Qc7 24. e5 dxe5 25. fxe5 Ng4 26. Rde1 Bg5
27. Be4 N6xe5 28. h3 f5 29. Bg2 Ng6 30. hxg4 Qxg3 31. gxh5 Bf4 32. Rxf4
Nxf4 33. Qf3 Qh4+ 34. Kg1 e5 35. Nc5 e4 36. Qf2 Qg4 37. Kf1 Nxh5 38. Bd2
Rcd8 39. Kg1 Rd6 40. a4 Red8 41. Ba5 Nf4 42. Kf1 Rg6 43. Bxd8 Nxg2 44. Bc7
Nxe1 45. Kxe1 Qh3 46. Qf4 Rg2 47. Ne6 Rg1+ 48. Ke2 Qd3+ 49. Kf2 Rf1+ 50.
Kg2 Rxf4 51. Bxf4 Qf3+ 52. Kg1 e3 0-1

[Event "38th Olympiad w"]
[Site "Dresden GER"]
[Date "2008.11.25"]
[Round "11"]
[White "Sabirova,O"]
[Black "Vajda,S"]
[Result "1-0"]
[WhiteElo "2185"]
[BlackElo "2380"]
[EventDate "2008.11.13"]

1. e4 c5 2. Nc3 e6 3. g3 Nc6 4. Bg2 Nf6 5. d3 Be7 6. Nge2 O-O 7. O-O Rb8 8.
h3 b5 9. a3 a5 10. Be3 b4 11. axb4 axb4 12. Na4 d6 13. d4 cxd4 14. Nxd4
Nxd4 15. Bxd4 e5 16. Be3 Bd7 17. c4 bxc3 18. bxc3 Bc6 19. Qc2 Qc7 20. c4
Rfc8 21. Rfc1 Ba8 22. Rab1 Nd7 23. Bf1 f5 24. Rxb8 Qxb8 25. f3 fxe4 26.
fxe4 d5 27. exd5 Bxd5 28. Qf5 Qb3 29. Nc3 Bc6 30. Qe6+ Kf8 31. Bd3 e4 32.
Rf1+ Bf6 33. Rxf6+ 1-0

[Event "38th Olympiad w"]
[Site "Dresden GER"]
[Date "2008.11.25"]
[Round "11"]
[White "Madl,I"]
[Black "Gevorgyan,I"]
[Result "1-0"]
[WhiteElo "2376"]
[BlackElo "2179"]
[EventDate "2008.11.13"]

1. e4 c6 2. d4 d5 3. Nc3 dxe4 4. Nxe4 Bf5 5. Nc5 b6 6. Nb3 Nf6 7. Nf3 e6 8.
g3 Bd6 9. Bg2 O-O 10. Qe2 Qc7 11. Ne5 Nd5 12. a3 Nd7 13. f4 f6 14. Nc4 Rae8
15. O-O e5 16. dxe5 fxe5 17. Qd1 Be7 18. fxe5 Be6 19. Nd6 Rxf1+ 20. Qxf1
Bxd6 21. exd6 Qxd6 22. c4 Nc5 23. cxd5 Nxb3 24. dxe6 Rxe6 25. Rb1 Qc5+ 26.
Kh1 g5 27. Qd1 Kg7 28. Bxg5 1-0

[Event "38th Olympiad w"]
[Site "Dresden GER"]
[Date "2008.11.25"]
[Round "11"]
[White "Nodirjanova,N"]
[Black "Rudolf,An"]
[Result "0-1"]
[WhiteElo "2118"]
[BlackElo "2318"]
[EventDate "2008.11.13"]

1. d4 e6 2. Nf3 Nf6 3. Bg5 c5 4. e3 Be7 5. Nbd2 b6 6. Bd3 Bb7 7. c3 d6 8.
O-O cxd4 9. cxd4 Nbd7 10. Re1 O-O 11. e4 h6 12. Bh4 Re8 13. Rc1 Rc8 14.
Rxc8 Qxc8 15. e5 dxe5 16. dxe5 Nd5 17. Bxe7 Rxe7 18. Nc4 Qb8 19. Bb1 Nf8
20. Nd6 Rd7 21. Qa4 a6 22. Qh4 Qc7 23. Ne4 Ng6 24. Qg3 Ndf4 25. h4 Rd1 26.
Nc3 Rxe1+ 27. Nxe1 Qxe5 28. Qe3 Qxe3 29. fxe3 Nd5 30. Nxd5 Bxd5 31. g3 Ne5
32. e4 Bc6 33. b3 Ng4 34. Nf3 e5 35. Nd2 Kf8 36. Bd3 b5 37. a4 Ke7 38. a5
Kd6 39. b4 g6 40. Nb3 Bd7 41. Nc5 Bc8 42. Kg2 h5 43. Kf3 Nf6 44. Bc2 Ne8
45. Bb3 Ke7 46. Bd5 Nc7 47. Bb3 Ne8 48. Ke3 Nd6 49. Nd3 f5 50. Nxe5 Kf6 51.
Kf4 Nxe4 52. Nd3 Be6 53. Bc2 Nc3 54. Kf3 Bd5+ 55. Ke3 Bc4 56. Kd4 Ne2+ 57.
Kc5 Nxg3 58. Kb6 g5 59. hxg5+ Kxg5 60. Kxa6 Bxd3 61. Bxd3 h4 62. Bxb5 h3
63. Bc6 Ne4 64. Kb7 h2 65. a6 h1=Q 66. a7 Nd6+ 67. Kc7 Qh7+ 0-1